000
00332 a2200157 4500
001
161508
020
_a
040
_c
Magnum
100
_a
Telles, Carlos Queiroz
240
1
0
_a
Ferias na draculandia
_l
por
245
1
0
_a
Ferias na draculandia
362
0
_a
1899
440
1
_a
FTD
697
_a
IJ/BRUXA, MISTERIO
942
_c
BK
999
_c
161508
_d
161508